Statistiche per Elenca la formazione - Quiz n°24

Clicka qui per fare il quiz!

Statistiche generali

  • Questo quiz è stato fatto 40 volte
  • Il punteggio medio è 9 su 11

Statistiche sulle risposte

RuoloNazioneCalciatore% Corretto
AttaccanteArgentinaLionel Messi
100%
PortiereGermaniaMarc-André ter Stegen
97%
CentrocampistaPaesi BassiFrankie De Jong
94%
AttaccanteUruguayLuis Suárez
94%
CentrocampistaCroaziaIvan Rakitic
92%
AttaccanteFranciaAntoine Griezmann
81%
DifensoreSpagnaGerard Piqué
81%
DifensoreSpagnaJordi Alba
67%
CentrocampistaSpagnaSergi Roberto
56%
DifensoreFranciaClément Lenglet
53%
DifensorePortogalloNélson Semedo
47%

Distribuzione punteggi

Percentile per numero di risposta

Percentuale di utenti per punteggio

I tuoi punteggi nel tempo

Non hai fatto questo quiz